| 000 | 00783nam a2200217 i 4500 | ||
|---|---|---|---|
| 001 | 42647 | ||
| 003 | ES-MaACL | ||
| 005 | 20250904061106.0 | ||
| 007 | t| | ||
| 008 | 030313s1931 sp ||||1| spa d | ||
| 100 | 1 |
_aCastro, Alfonso de, _d1495-1558 _9168489 |
|
| 245 | 1 | 3 |
_aLa fuerza de la Ley Penal / _cAlfonso de Castro ; traducción del profesor Laureano Sánchez Gallego. |
| 260 |
_aMurcia : _b[s.n.], _c1931 ( _fSucs. de Nogues) |
||
| 300 |
_a444 p. ; _c25 cm. |
||
| 490 | 1 | _aPublicaciones de la Universidad de Murcia | |
| 500 | _aTexto a dos columnas en latín y castellano. | ||
| 700 | 1 |
_aSánchez Gallego, Laureano. _9102653 |
|
| 830 | 0 |
_aPublicaciones de la Universidad de Murcia _9184117 |
|
| 852 |
_aES-MaACL _jP-926 _bR.19440 |
||
| 999 |
_c42647 _d42647 |
||